An introduction to thermal-fluid engineering : the engine and the atmosphere (Record no. 48075)

MARC details
000 -LEADER
fixed length control field 00924nam a2200241 a 4500
008 - FIXED-LENGTH DATA ELEMENTS--GENERAL INFORMATION
fixed length control field 060316s1997 ||||||||||||||||| || u
020 ## - INTERNATIONAL STANDARD BOOK NUMBER
International Standard Book Number 0521581001
020 ## - INTERNATIONAL STANDARD BOOK NUMBER
International Standard Book Number 0521589274
050 ## - LIBRARY OF CONGRESS CALL NUMBER
Classification number TJ 260 War
100 ## - MAIN ENTRY--PERSONAL NAME
Personal name Warhaft, Z
245 13 - TITLE STATEMENT
Title An introduction to thermal-fluid engineering : the engine and the atmosphere
246 ## - VARYING FORM OF TITLE
Title proper/short title Thermal-fluid engineering
246 ## - VARYING FORM OF TITLE
Title proper/short title the engine and the atmosphere
260 ## - PUBLICATION, DISTRIBUTION, ETC.
Place of publication, distribution, etc. Cambridge :
Name of publisher, distributor, etc. Cambridge University Press
Date of publication, distribution, etc. 1997
300 ## - PHYSICAL DESCRIPTION
Extent xv, 241 p. : ill.
350 ## - PRICE (NR) (BK AM CF MU VM SE) [OBSOLETE]
Price 0.00
500 ## - GENERAL NOTE
General note Includes bibliographical references
650 ## - SUBJECT ADDED ENTRY--TOPICAL TERM
Topical term or geographic name entry element HEAT ENGINEERING
650 ## - SUBJECT ADDED ENTRY--TOPICAL TERM
Topical term or geographic name entry element FLUID DYNAMICS
650 ## - SUBJECT ADDED ENTRY--TOPICAL TERM
Topical term or geographic name entry element INTERNAL COMBUSTION ENGINES - ENVIRONMENTAL ASPECTS
856 ## - ELECTRONIC LOCATION AND ACCESS
Uniform Resource Identifier <a href="http://www.loc.gov/catdir/toc/cam024/97000089.html">http://www.loc.gov/catdir/toc/cam024/97000089.html</a>
995 ## - RECOMMENDATION 995 [LOCAL, UNIMARC FRANCE]
-- 0.00
-- CBU-MAIN LIBRARY (Kitwe)
-- 1
-- 15.95
-- AVAILABLE
-- Main Library Open Access Collection
Holdings
Withdrawn status Lost status Source of classification or shelving scheme Damaged status Not for loan Home library Current library Shelving location Date acquired Total Checkouts Full call number Barcode Date last seen Price effective from Koha item type
          CBU-MAIN LIBRARY, KITWE. CBU-MAIN LIBRARY, KITWE.   11/30/2022   TJ 260 War 027470 11/30/2022 11/30/2022 MONOGRAPH